| 000 | 00707nam a22001577a 4500 | ||
|---|---|---|---|
| 003 | OSt | ||
| 005 | 20151026090839.0 | ||
| 008 | 151026b xxu||||| |||| 00| 0 eng d | ||
| 040 | _cRUA | ||
| 082 | _aAVM HAY 2013 B105 Or.1 | ||
| 100 |
_92888 _aHAY, MINEA. |
||
| 245 | _aEffect of ampidexalone and vimeflorof. D.P for diarrhea treatment in canin at animal clinic na vetco, ប្រសិទ្ធភាពនៃឱសថ AMPIDEXALONE និង VIMEFLOROF.D.P ក្នុងការព្យាបាលជំងឺលើសុខននៅឃ្លឺនិកព្យាបាលសត្វណាវេតកូ. | ||
| 260 |
_aphnom phen _bRUA _c2013 |
||
| 300 |
_aIX,43p. _bill. _c29cm. |
||
| 942 |
_2ddc _cAVM |
||
| 999 |
_c2707 _d2707 |
||